Foundations of electronics : (Record no. 32386)

000 -LEADER
fixed length control field 01481cam a22003614a 4500
001 - CONTROL NUMBER
control field 14162602
003 - CONTROL NUMBER IDENTIFIER
control field OSt
005 - DATE AND TIME OF LATEST TRANSACTION
control field 20210810121058.0
008 - FIXED-LENGTH DATA ELEMENTS--GENERAL INFORMATION
fixed length control field 051027s2007 nyua 001 0 eng
010 ## - LIBRARY OF CONGRESS CONTROL NUMBER
LC control number 2005055901
020 ## - INTERNATIONAL STANDARD BOOK NUMBER
International Standard Book Number 1418005371
035 ## - SYSTEM CONTROL NUMBER
System control number (OCoLC)ocm62616173
035 ## - SYSTEM CONTROL NUMBER
System control number (OCoLC)62616173
038 ## - RECORD CONTENT LICENSOR
Staff Name khadija
040 ## - CATALOGING SOURCE
Original cataloging agency DLC
Transcribing agency DLC
Modifying agency YDX
-- BAKER
-- YDXCP
-- DLC
042 ## - AUTHENTICATION CODE
Authentication code pcc
050 00 - LIBRARY OF CONGRESS CALL NUMBER
Classification number TK7816
Item number .M4345 2006
082 00 - DEWEY DECIMAL CLASSIFICATION NUMBER
Classification number 621.381
Edition number 22
Author Mark MEA
100 1# - MAIN ENTRY--PERSONAL NAME
Personal name Meade, Russell L.
9 (RLIN) 81380
245 10 - TITLE STATEMENT
Title Foundations of electronics :
Remainder of title circuits and devices (electron flow version) /
Statement of responsibility, etc. Russell L. Meade, Robert Diffenderfer.
260 ## - PUBLICATION, DISTRIBUTION, ETC.
Place of publication, distribution, etc. Clifton Park, NY :
Name of publisher, distributor, etc. Thomson Delmar Learning,
Date of publication, distribution, etc. c2007.
300 ## - PHYSICAL DESCRIPTION
Extent xxxii, 1031 p. :
Other physical details ill. (chiefly col.) ;
Dimensions 29 cm. +
Accompanying material 1 CD-ROM (4 3/4 in.)
500 ## - GENERAL NOTE
General note Includes index.
563 ## - BINDING INFORMATION
Binding note hard cover
650 #0 - SUBJECT ADDED ENTRY--TOPICAL TERM
Topical term or geographic name entry element Electronics.
700 1# - ADDED ENTRY--PERSONAL NAME
Personal name Diffenderfer, Robert.
9 (RLIN) 81381
856 42 - ELECTRONIC LOCATION AND ACCESS
Materials specified Publisher description
Uniform Resource Identifier <a href="http://www.loc.gov/catdir/enhancements/fy1212/2005055901-d.html">http://www.loc.gov/catdir/enhancements/fy1212/2005055901-d.html</a>
856 41 - ELECTRONIC LOCATION AND ACCESS
Materials specified Table of contents only
Uniform Resource Identifier <a href="http://www.loc.gov/catdir/enhancements/fy1212/2005055901-t.html">http://www.loc.gov/catdir/enhancements/fy1212/2005055901-t.html</a>
856 42 - ELECTRONIC LOCATION AND ACCESS
Materials specified Contributor biographical information
Uniform Resource Identifier <a href="http://www.loc.gov/catdir/enhancements/fy1302/2005055901-b.html">http://www.loc.gov/catdir/enhancements/fy1302/2005055901-b.html</a>
906 ## - LOCAL DATA ELEMENT F, LDF (RLIN)
a 7
b cbc
c orignew
d 1
e ocip
f 20
g y-gencatlg
942 ## - ADDED ENTRY ELEMENTS (KOHA)
Source of classification or shelving scheme
Koha item type Book
Holdings
Withdrawn status Lost status Source of classification or shelving scheme Damaged status Not for loan Permanent Location Current Location Shelving location Date acquired Full call number Barcode Date last seen Price effective from Koha item type Public note
          School of Mechanical & Manufacturing Engineering (SMME) School of Mechanical & Manufacturing Engineering (SMME) Reference 08/28/2015 621.381 MEA SMME-1227 03/29/2018 08/28/2015 Book Rack,11-Shelf,1
© 2023 Central Library, National University of Sciences and Technology. All Rights Reserved.